| 000 | 00735nam a2200229 a 4500 | ||
|---|---|---|---|
| 999 |
_c938 _d938 |
||
| 008 | 191111t2009 xxua|||g |||| 00| 0 eng d | ||
| 020 |
_a9780521868440 _c£ 26.99 |
||
| 040 |
_aKO _beng |
||
| 041 | 0 | _aeng | |
| 044 | _axxu | ||
| 082 | 0 | 4 |
_223 _a658.408 _bF949 |
| 100 | 1 | _aFrynas, Jedrzej George | |
| 245 | 1 | 0 |
_aBeyond Corporate Social Responsibility : _boil, multinationals and social challenges / _cJedrzej George Frynas |
| 260 |
_aNew York : _bCambridge University Press , _c2009 |
||
| 300 |
_aviii, 207 p. : _bill. ; _c23 cm. |
||
| 504 | _aIncludes Index. | ||
| 650 | 0 |
_aSocial responsibility of business _vCase studies _xPetroleum industry and trade |
|
| 650 | 0 | _aSocial aspects | |
| 904 | _aA_BOSE | ||
| 942 | _cBK | ||